00923nam a22002417a 450000500170000000800410001702000180005804000210007604100080009708200180010510000250012324500990014825000120024726000340025930000100029365000430030370000270034670000250037394200120039899900170041095201270042795201270055420260515114929.0220922b ||||| |||| 00| 0 eng d a9788194692461 aIN-DiNCcIN-DiNC dasm a301.0954bBOR aBorah, Rajeneauthor aBharatiya samaj:bdrishyapat aru bastav swarup/cby Rajen Borah, Pankaj Boruah and Akhil Borah a2nd ed. aJorhat:bBidya bhawan,c2021. a242p. aImages and realities of Indian society aBoruah, Pankajeauthor aBorah, Akhileauthor 2ddccBK c11371d11371 00102ddc40708SOCIaMAINbMAINcGENd2022-09-22g220.00l0o301.0954 BORp29065r2022-09-22 00:00:00t1w2022-09-22yBK 00102ddc40708SOCIaMAINbMAINcGENd2022-09-22g220.00l0o301.0954 BORp29066r2022-09-22 00:00:00t2w2022-09-22yBK